00653nam a22002177a 450000500170000000800410001701000140005802000230007202000260009503500130012103700150013404000180014908200080016710000210017524500670019626000470026327000640031030000270037450000200040165000140042120090724161858.0090724t xxu||||| |||| 00| 0 eng d aENG-94546 a0195698843c335.00 a9780195698848c335.00 aEN-78079 bDBAD / PUB adplbEnglish  a301 aBeteille, Andre  aSociology:cby Andre Beteillebessays on approach and method / aNew Delhi bOxford University Press c2009 aYMCA Library Building, Jai Singh Road, bNew Delhi e110001 ax, 323p. c23cm (pbk)  aIncludes index  aSociology